Numerical methods in computer applications (Record no. 616)

MARC details
000 -LEADER
Fixed length control field 00462nam a2200181 4500
003 - CONTROL NUMBER IDENTIFIER
Control field SEACOMEC
005 - DATE AND TIME OF LATEST TRANSACTION
Control field 20240210141320.0
008 - FIXED-LENGTH DATA ELEMENTS--GENERAL INFORMATION
Fixed length control field 240210b |||||||| |||| 00| 0 eng d
020 ## - INTERNATIONAL STANDARD BOOK NUMBER / ISBN
Price Rs.200.00
040 ## - CATALOGING SOURCE
Original cataloging agency SEACOMEC
082 ## - DEWEY DECIMAL CLASSIFICATION NUMBER
Classification number 518.60285
Book Number W971
100 ## - MAIN ENTRY--PERSONAL NAME
Personal name Wayse,P.U.
245 1# - TITLE STATEMENT
Title Numerical methods in computer applications
Statement of responsibility P.U.Wayse
250 ## - EDITION STATEMENT
Edition statement 4th ed.
260 ## - IMPRINT
Place of publication Pune
Name of publisher Everest
Date of publication 2003
650 ## - SUBJECT ADDED ENTRY--TOPICAL TERM
Topical term mathematics,Numerical analysis
942 ## - ADDED ENTRY ELEMENTS (KOHA)
Koha item type Books
Holdings
Withdrawn status Lost status Source of classification Damaged status Not for loan Home library Current library Date acquired Total Checkouts Call number Accession number Date last seen Copy number Price effective from Koha item type
    Dewey Decimal Classification     SEACOM ENGINEERING COLLEGE SEACOM ENGINEERING COLLEGE 07/06/2006   518.60285 W971 02345 10/02/2024 10 10/02/2024 Books
    Dewey Decimal Classification     SEACOM ENGINEERING COLLEGE SEACOM ENGINEERING COLLEGE 07/06/2006   518.60285 W971 02346 10/02/2024 11 10/02/2024 Books
    Dewey Decimal Classification     SEACOM ENGINEERING COLLEGE SEACOM ENGINEERING COLLEGE 07/06/2006   518.60285 W971 02347 10/02/2024 12 10/02/2024 Books
    Dewey Decimal Classification     SEACOM ENGINEERING COLLEGE SEACOM ENGINEERING COLLEGE 07/06/2006   518.60285 W971 02348 10/02/2024 13 10/02/2024 Books
    Dewey Decimal Classification     SEACOM ENGINEERING COLLEGE SEACOM ENGINEERING COLLEGE 07/06/2006   518.60285 W971 02349 10/02/2024 14 10/02/2024 Books
    Dewey Decimal Classification     SEACOM ENGINEERING COLLEGE SEACOM ENGINEERING COLLEGE 07/06/2006   518.60285 W971 02350 10/02/2024 15 10/02/2024 Books
    Dewey Decimal Classification     SEACOM ENGINEERING COLLEGE SEACOM ENGINEERING COLLEGE 07/06/2006   518.60285 W971 02351 10/02/2024 16 10/02/2024 Books
    Dewey Decimal Classification     SEACOM ENGINEERING COLLEGE SEACOM ENGINEERING COLLEGE 07/06/2006   518.60285 W971 02352 10/02/2024 17 10/02/2024 Books
    Dewey Decimal Classification     SEACOM ENGINEERING COLLEGE SEACOM ENGINEERING COLLEGE 07/06/2006   518.60285 W971 02353 10/02/2024 18 10/02/2024 Books
    Dewey Decimal Classification     SEACOM ENGINEERING COLLEGE SEACOM ENGINEERING COLLEGE 07/06/2006   518.60285 W971 02354 10/02/2024 19 10/02/2024 Books
© Seacom Engineering College, All rights reserved.      Powered by Koha